Logo BPK

Biblioteka

Politechniki Koszalińskiej

Electronic analog measurements and transducers / (Rekord nr 19530)

Szczegóły MARC
000 -ETYKIETA REKORDU
podpole kontrolne o stałej długości 00483nam a2200169 i 4500
001 - NUMER KONTROLNY REKORDU
pole kontrolne bg
040 ## - ŹRÓDŁO KATALOGOWANIA
Instytucja, która utworzyła rekord BPK
041 ## - KOD JĘZYKA
Kod języka tekstu pol
080 ## - UNIWERSALNA KLASYFIKACJA DZIESIĘTNA - UKD
UKD 621.382
008 - POLE O STAŁEJ DŁUGOŚCI - DANE KONTROLNE
podpole kontrolne o stałej długości s pl f |000 0 pol
100 1# - NAZWA OSOBOWA
Nazwa osobowa MALMSTADT, Howard V.
245 #0 - TYTUŁ/ODPOWIEDZIALNOŚĆ
Tytuł Electronic analog measurements and transducers /
Pozostałe elementy strefy tytułu i oznaczenia odpowiedzialności Howard V. Malmstadt, Christie G. Enke, Stanley R. Grouch.
260 ## - STREFA ADRESU WYDAWNICZEGO
Miejsce wydania Menlo Park, California,
Data publikacji, dystrybucji/powstania dokumentu 1973.
700 1# - HASŁO DODATKOWE - NAZWA OSOBOWA
Nazwa osobowa ENKE, Christie G.
700 1# - HASŁO DODATKOWE - NAZWA OSOBOWA
Nazwa osobowa GROUCH, Stanley R.
856 ## - LOKALIZACJA I DOSTĘP DO ELEKTRONICZNYCH DOKUMENTÓW ZDALNYCH
Link (URL) http://koha.tu.koszalin.pl/cgi-bin/koha/opac-detail.pl?biblionumber=19530
Tekst linku Katalog online BPK
942 ## - DODATKOWE ELEMENTY (KOHA)
Typ dokumentu Książka
Egzemplarze
Wycofany Status egzemplarza Uszkodzony Dostępność Lokalizacja stała Lokalizacja bieżąca Miejsce przechowywania Sygnatura Kod kreskowy Typ dokumentu
      Dostępny Biblioteka Politechniki Koszalińskiej Biblioteka Politechniki Koszalińskiej Wypożyczalnia BG 27514 01926415 Książka
© 2023 Biblioteka Politechniki Koszalińskiej :: KOHA